000 01043nam a2200193 i 4500
001 152965
003 ES-MaACL
005 20230906204943.0
008 950926s1858 sp f |||| | spa d
110 2 _aSociedad Minera La Carbonera de Cuenca.
_9134220
245 1 0 _aMemoria de la Sociedad Minera La Carbonera de Cuenca
_b: leída en la Junta General Ordinaria de 9 de mayo de 1858 /
_cpor... José Juan Navarro.
260 _aMadrid :
_b[s.n.],
_c1858 (
_fEusebio Aguado)
300 _a31 p., [2] h. de lám. pleg ;
_c22 cm.
610 2 4 _aSociedad Minera La Carbonera de Cuenca.
_9134220
650 4 _aMinería-
_zCuenca (Provincia)
_9167409
700 1 _aNavarro, Juan José.
_9167061
852 _aES-MaACL
_jT-901-F-31
_z- Enc. hol.
_z. - Legado de Federico de Botella y de Hornos
_q- Falto de cub. original
_z- Enc. en un vol. facticio
852 _aES-MaACL
_jB-8925(8)
_z.- Legado de Federico de Botella y de Hornos
_z- Enc. en un vol. facticio, agrupado con el nombre en el lomo: España, geología, memorias y documentos varios 9 a 19
999 _c152965
_d152965